MARC

Tag First Indicator Second Indicator Subfields
LEADER 00000cam a2200000Ia 4500
001 in00003523970
005 20190407115753.0
006 m o d
007 cr |||||||||||
008 100824s2010 dcua ob 001 0 eng d
020 |z 9781433805349 
020 |z 1433805340 
035 |a (OCoLC)ocn657643156 
035 |a (OCoLC)657643156 
040 |a VLB  |c VLB  |d OCLCF  |d YDXCP  |d E7B  |d UtOrBLW 
049 |a TXAM 
050 1 4 |a RC564  |b .S8265 2010 
082 0 4 |a 616.86  |2 22 
245 0 0 |a Substance abuse and emotion /  |c edited by Jon D. Kassel. 
250 |a 1st ed. 
264 1 |a Washington, DC :  |b American Psychological Association,  |c [2010] 
264 4 |c ©2010 
300 |a 1 online resource (xii, 297 pages) :  |b illustrations. 
336 |a text  |b txt  |2 rdacontent 
337 |a computer  |b c  |2 rdamedia 
338 |a online resource  |b cr  |2 rdacarrier 
504 |a Includes bibliographical references and index. 
505 0 |a Introduction : the complex interplay between substance abuse and emotion / Jon D. Kassel and Jennifer C. Veilleux -- Negative reinforcement : possible clinical implications of an integrative model / Danielle E. McCarthy ... [and others] -- Positive reinforcement theories of drug use / Harriet de Wit and Luan Phan -- Cognitive theories of drug effects on emotion / Jon D. Kassel ... [and others] -- Drug craving and affect / Stephen T. Tiffany -- Developmental perspectives : affect and adolescent substance use / Craig R. Colder .. [and others] -- Evolutionary substrates of addiction : the neurochemistries of pleasure seeking and social bonding in the mammalian brain / Jaak Panksepp -- Emotions and relapse in substance use : evidence for a complex interaction between psychological, social, and biological processes / Katie Witkiewitz and Johnny Wu -- The complexities of modeling mood-drinking relationships : lessons learned from daily process research / Cynthia Mohr ... [and others] -- Ecological momentary assessment of mood/smoking relationships in adolescent smokers / Robin Mermelstein, Donald Hedeker, and Sally Weinstein -- Cerebral deficits associated with impaired cognition and regulation of emotion in methamphetamine abuse / Andy C. Dean and Edythe D. London -- Addiction and emotion : theories, assessment techniques, and treatment implications / David H. Epstein, Jessica Wilner-Reid, and Kenzie L. Preston -- Afterword : new frontiers in substance abuse and emotion / Jon D. Kassel and Daniel P. Evatt. 
500 |a Description based on print version record 
500 |a Electronic resource. 
650 0 |a Substance abuse. 
650 0 |a Emotions. 
650 0 |a Addicts  |x Psychology. 
650 0 |a Compulsive behavior  |x Etiology. 
650 0 |a Substance abuse  |x Etiology. 
650 1 2 |a Substance-Related Disorders  |x etiology. 
650 1 2 |a Substance-Related Disorders  |x psychology. 
650 2 2 |a Behavior, Addictive  |x etiology. 
650 2 2 |a Behavior, Addictive  |x psychology. 
650 2 2 |a Emotions. 
650 7 |a Addicts  |x Psychology.  |2 fast  |0 (OCoLC)fst00796515 
650 7 |a Compulsive behavior  |x Etiology.  |2 fast  |0 (OCoLC)fst00871939 
650 7 |a Emotions.  |2 fast  |0 (OCoLC)fst00908819 
650 7 |a Substance abuse.  |2 fast  |0 (OCoLC)fst01136767 
650 7 |a Substance abuse  |x Etiology.  |2 fast  |0 (OCoLC)fst01136777 
655 7 |a Electronic books.  |2 local 
700 1 |a Kassel, Jon D. 
730 0 |a PsycBOOKs. 
776 1 8 |i Print version:  |t Substance abuse and emotion.  |b 1st ed.  |d Washington, DC : American Psychological Association, c2010.  |w (OCoLC)310171780  |z 9781433805349 
856 4 0 |u http://proxy.library.tamu.edu/login?url=http://search.ebscohost.com/direct.asp?db=pzh&jid=200917923&scope=site  |z Connect to the full text of this electronic book  |t 0 
994 |a 92  |b TXA 
999 |a MARS 
999 f f |s 940991f3-fc1b-3a3a-a1b0-81d0548c9c6f  |i 6b76c511-d87e-372f-b9db-d647da6dac67  |t 0 
952 f f |a Texas A&M University  |b College Station  |c Electronic Resources  |d Available Online  |t 0  |e RC564 .S8265 2010  |h Library of Congress classification 
998 f f |a RC564 .S8265 2010  |t 0  |l Available Online